| 000 -LEADER |
| fixed length control field |
01969cam a22003854a 4500 |
| 001 - CONTROL NUMBER |
| control field |
14668747 |
| 003 - CONTROL NUMBER IDENTIFIER |
| control field |
Nust |
| 005 - DATE AND TIME OF LATEST TRANSACTION |
| control field |
20170330131612.0 |
| 008 - FIXED-LENGTH DATA ELEMENTS--GENERAL INFORMATION |
| fixed length control field |
061213s2006 dcua b 100 0 eng c |
| 010 ## - LIBRARY OF CONGRESS CONTROL NUMBER |
| LC control number |
2006299763 |
| 020 ## - INTERNATIONAL STANDARD BOOK NUMBER |
| International Standard Book Number |
0309102456 |
| 020 ## - INTERNATIONAL STANDARD BOOK NUMBER |
| International Standard Book Number |
9780309102452 |
| 035 ## - SYSTEM CONTROL NUMBER |
| System control number |
(OCoLC)ocm76883318 |
| 035 ## - SYSTEM CONTROL NUMBER |
| System control number |
(OCoLC)76883318 |
| 040 ## - CATALOGING SOURCE |
| Original cataloging agency |
AZS |
| Transcribing agency |
AZS |
| Modifying agency |
IXA |
| -- |
DLC |
| 042 ## - AUTHENTICATION CODE |
| Authentication code |
pcc |
| 043 ## - GEOGRAPHIC AREA CODE |
| Geographic area code |
e-ru--- |
| -- |
n-us--- |
| 050 00 - LIBRARY OF CONGRESS CALL NUMBER |
| Classification number |
HV6433.R9 |
| Item number |
N38 2006 |
| 082 00 - DEWEY DECIMAL CLASSIFICATION NUMBER |
| Classification number |
363.3250947 SCH |
| Edition number |
22 |
| 110 2# - MAIN ENTRY--CORPORATE NAME |
| Corporate name or jurisdiction name as entry element |
National Research Council (U.S.). |
| Subordinate unit |
Committee on Counterterrorism Challenges for Russia and the United States. |
| 245 10 - TITLE STATEMENT |
| Title |
Countering urban terrorism in Russia and the United States : |
| Remainder of title |
proceedings of a workshop / |
| Statement of responsibility, etc. |
Committee on Counterterrorism Challenges for Russia and the United States, Office for Central Europe and Eurasia, Development, Security, and Cooperation, Policy and Global Affairs, National Research Council of the National Academies ; Glenn E. Schweitzer and A. Chelsea Sharber, editors. |
| 260 ## - PUBLICATION, DISTRIBUTION, ETC. |
| Place of publication, distribution, etc. |
Washington, DC : |
| Name of publisher, distributor, etc. |
National Academies Press, |
| Date of publication, distribution, etc. |
c2006. |
| 300 ## - PHYSICAL DESCRIPTION |
| Extent |
xiii, 241 p. : |
| Other physical details |
ill. (some col.) ; |
| Dimensions |
23 cm. |
| 500 ## - GENERAL NOTE |
| General note |
"In cooperation with the Russian Academy of Sciences." |
| 504 ## - BIBLIOGRAPHY, ETC. NOTE |
| Bibliography, etc. note |
Includes bibliographical references. |
| 530 ## - ADDITIONAL PHYSICAL FORM AVAILABLE NOTE |
| Additional physical form available note |
Also available via the World Wide Web. |
| 650 #0 - SUBJECT ADDED ENTRY--TOPICAL TERM |
| Topical term or geographic name entry element |
Terrorism |
| Geographic subdivision |
Russia (Federation) |
| General subdivision |
Prevention. |
| 650 #0 - SUBJECT ADDED ENTRY--TOPICAL TERM |
| Topical term or geographic name entry element |
Terrorism |
| Geographic subdivision |
United States |
| General subdivision |
Prevention. |
| 700 1# - ADDED ENTRY--PERSONAL NAME |
| Personal name |
Schweitzer, Glenn E., |
| Dates associated with a name |
1930- |
| 700 1# - ADDED ENTRY--PERSONAL NAME |
| Personal name |
Sharber, A. Chelsea. |
| 710 2# - ADDED ENTRY--CORPORATE NAME |
| Corporate name or jurisdiction name as entry element |
Rossiĭskai︠a︡ akademii︠a︡ nauk. |
| 856 41 - ELECTRONIC LOCATION AND ACCESS |
| Materials specified |
Table of contents only |
| Uniform Resource Identifier |
<a href="http://www.loc.gov/catdir/toc/fy0715/2006299763.html">http://www.loc.gov/catdir/toc/fy0715/2006299763.html</a> |
| 856 41 - ELECTRONIC LOCATION AND ACCESS |
| Uniform Resource Identifier |
<a href="http://newton.nap.edu/openbook/0309102456/html/index.html">http://newton.nap.edu/openbook/0309102456/html/index.html</a> |
| Public note |
View the electronic version |
| 906 ## - LOCAL DATA ELEMENT F, LDF (RLIN) |
| a |
7 |
| b |
cbc |
| c |
pccadap |
| d |
2 |
| e |
ncip |
| f |
20 |
| g |
y-gencatlg |
| 942 ## - ADDED ENTRY ELEMENTS (KOHA) |
| Source of classification or shelving scheme |
|
| Koha item type |
Book |